駅名に「湖」が含まれる駅 - Statistics

General Stats
  • This quiz has been taken 134 times
  • The average score is 10 of 19
Answer Stats
路線 Answer % Correct
田沢湖線 田沢湖
97%
富士急行線 河口湖
83%
西武多摩湖線/西武山口線 多摩湖
76%
中央東線 相模湖
67%
越美北線 九頭竜湖
66%
中央東線 みどり湖
65%
京阪京津線/石山坂本線 びわ湖浜大津
64%
成田線 湖北
61%
大井川鐵道井川線 奥大井湖上
60%
一畑電車北松江線 松江しんじ湖温泉
59%
磐越西線 猪苗代湖畔
54%
五能線 十二湖
53%
北上線 ゆだ錦秋湖
45%
天竜浜名湖鉄道天竜浜名湖線 浜名湖佐久米
40%
山陰本線 湖山
35%
鹿島臨海鉄道大洗鹿島線 北浦湖畔
34%
小海線 松原湖
31%
一畑電車北松江線 湖遊館新駅
22%
天竜浜名湖鉄道天竜浜名湖線 奥浜名湖
20%
No matching quizzes found
Score Distribution
Percent of People with Each Score
Percentile by Number Answered
Your Score History
You have not taken this quiz